| 000 | 01394nam a2200397 i 4500 | ||
|---|---|---|---|
| 001 | 8081 | ||
| 003 | KOSZ 005 | ||
| 005 | 20220324120709.0 | ||
| 008 | 070915s1969 pl a f 000 0 pol | ||
| 015 | _aPB 1969/8564 | ||
| 040 |
_aWA N _cWA N _dKOSZ 005/RW _dKOSZ 005/HR |
||
| 041 | 1 |
_apol _hger |
|
| 044 |
_apol _ager |
||
| 080 | _a624.2/.8 | ||
| 080 | _a(083) | ||
| 100 | 1 |
_aSchleicher, Claus _eAutor |
|
| 245 | 1 | 0 |
_aUkośne płyty ciągłe : _btablice do obliczeń statystycznych / _cClaus Schleicher, Borwin Wegener ; [przeł. Jerzy Grycz]. |
| 246 | 1 |
_iTyt. oryg.: _aDurchlaufende schiefe Platten. |
|
| 260 |
_aWarszawa : _bArkady ; _aBerlin : _bVEB Verlag für Bauwesen, _c1969. |
||
| 300 |
_a72, 611 s., [1] k. tabl. : _bil., err. ; _c27 cm. |
||
| 380 | _aKsiążki | ||
| 388 | _a1901-2000 | ||
| 388 | _a1945-1989 | ||
| 504 | _aBibliogr. s. 70-72. | ||
| 650 | 4 | _aMosty | |
| 650 | 4 | _aBudowa i konstrukcje | |
| 650 | 4 | _aPłyty konstrukcyjne | |
| 650 | 4 | _aStatyka budowlana | |
| 655 | 4 | _aTablice i wzory | |
| 658 | _aArchitektura i budownictwo | ||
| 700 | 1 |
_aWegener, Borwin _eAutor |
|
| 700 | 1 |
_aGrycz, Jerzy _d(1892-1986) _eTłumaczenie |
|
| 710 | 2 |
_aWydawnictwo Arkady _4pbl. |
|
| 856 |
_uhttp://koha.tu.koszalin.pl/cgi-bin/koha/opac-detail.pl?biblionumber=8081 _yKatalog online BPK |
||
| 942 |
_2UKD _cKS |
||
| 999 |
_c8081 _d8081 |
||